000 00788nam a2200205Ia 4500
001 7949
003 GE_BSU
008 181216s||||||||xx |||||||||||||| ||und||
040 _cGE_BSU
080 _a811.161.1(072)+62
100 _aКаухчишвили,Л. Варшаломидзе,М. Имнадзе,Б.
245 _aУчебное пособие по русскому языку для студентов политехнического института.
245 _bУчебное пособие.
260 _aТб.
260 _bГанатлеба.
260 _c1974.
300 _a160стр.20см.
653 _aУчебное пособие по русскому языку для студентов политехнического института.
942 _cBK
999 _c41292
_d41292